Information technology law and pratice : (Record no. 93549)

MARC details
000 -LEADER
fixed length control field 00719nam a22002177a 4500
005 - DATE AND TIME OF LATEST TRANSACTION
control field 20150625104929.0
010 ## - LCCN (DPL NO)
LC control number ENG-113024
020 ## - INTERNATIONAL STANDARD BOOK NUMBER
International Standard Book Number 9789350355275
Terms of availability 495.00
035 ## - SYSTEM CONTROL NUMBER
System control number EN-96556
037 ## - SOURCE OF ACQUISITION
Source of stock number/acquisition DBAD/PUB
082 ## - DEWEY DECIMAL CLASSIFICATION NUMBER
Classification number 344.540999
100 ## - MAIN ENTRY--PERSONAL NAME
Personal name Sharma, Vakul
245 ## - TITLE STATEMENT
Title Information technology law and pratice :
Remainder of title law & emerging technology cyber law & E- commerce /
Statement of responsibility, etc by Vakul Sharma [and] Seema Sharma
250 ## - EDITION STATEMENT
Edition statement 4th ed
260 ## - PUBLICATION, DISTRIBUTION, ETC. (IMPRINT)
Place of publication, distribution, etc New Delhi
Name of publisher, distributor, etc Universal Law Publishing
Date of publication, distribution, etc 2015
270 ## - ADDRESS
Address A-58, G.T. Karnal Road Industrial Area
City New Delhi
Postal code 110033
300 ## - PHYSICAL DESCRIPTION
Extent xliii,562p.
Dimensions 24cm(pbk)
500 ## - GENERAL NOTE
General note Includes index
700 ## - ADDED ENTRY--PERSONAL NAME
Personal name Sharma, Seema
942 ## - ADDED ENTRY ELEMENTS (KOHA)
Source of classification or shelving scheme Dewey Decimal Classification
Item type English Books
Call number suffix SHA
Classification part 344.540999
Holdings
Withdrawn status Lost status Not for loan Collection code Home library Current library Date acquired Source of acquisition Cost, normal purchase price Full call number Barcode Copy number Cost, replacement price Koha item type
    Not For Loan Non-fiction D.B.Act.Division D.B.Act.Division 13/05/2015 DBAD/PUB 495.00 344.540999 SHA EN-96556 1 495.00 English Books

© Delhi Public Library
Hit Counter
free hit counter